000 01771nam0a2200325 4500
001 RU\NLR\bibl\1782182
005 20250616135216.0
035 _a(NLR Aleph) 001772929
090 _a1649266
_c1649266
100 _a20110622d2011 |||y0rusy50 ca
101 0 _arus
102 _aRU
105 _aa |||||||||
200 1 _aПрикладная теория информации
_eинформационная теория радиотехнических систем
_eучебное пособие
_e[для обучения студентов по специальности 210302.65 - "Радиотехника"]
_fГ.И. Худяков
_gМ-во образования и науки Рос. Федерации, Гос. образоват. учреждение высш. проф. образования "Сев.-Зап. гос. заоч. техн. ун-т"
210 _aСанкт-Петербург
_cИзд-во СЗТУ
_d2011
215 _a299 с.
_cил.
_d21
320 _aБиблиогр.: с. 217-220 (60 назв.)
320 _aПредм. указ.: с. 289-290
320 _aИмен. указ.: с. 291-292
606 1 _aИнформации теория
_jУчебные издания для высших учебных заведений
_92143003
_3RU\NLR\auth\661291418
606 1 _aРадиотехнические системы
_jУчебные издания для высших учебных заведений
_xТеория
_92043827
_3RU\NLR\auth\66942353
686 _aЗ841-01я73-1
700 1 _aХудяков
_bГ. И.
_gГеннадий Иванович
_4070
801 0 _aRU
_bNLR
_c20110622
_gRCR
801 1 _aRU
_bNLR
_c20110622
830 _aавт. по кн.
942 _cBOOK
980 _aNB
980 _aNBR